| 000 | 00408cam a2200169ua 4500 | ||
|---|---|---|---|
| 020 | _c5.00 | ||
| 041 |
_amal _h |
||
| 082 |
_a894.81280351 _bRAD/CH |
||
| 100 | _aRadhakrishnan, S . | ||
| 245 |
_aChinayum Indiayum / _cS Radhakrishnan. _hTextual Documents |
||
| 260 |
_aCalicut : _bP K Brothers , _c1965. |
||
| 300 | _a399 ; . | ||
| 365 | _a5.00 | ||
| 504 | _a | ||
| 942 | _cBK | ||
| 999 |
_c6129 _d6129 |
||